Aporte laboral de las mujeres al desarrollo de Costa Rica /

Պահպանված է:
Մատենագիտական մանրամասներ
Հիմնական հեղինակ: Contreras López, Rina María
Ձևաչափ: Տեքստ
Խորագրեր:
Ցուցիչներ: Ավելացրեք ցուցիչ
Չկան պիտակներ, Եղեք առաջինը, ով նշում է այս գրառումը!

MARC

LEADER 00000 a a2200000 04500
001 17190
003
040
100 |a Contreras López, Rina María  
245 |a Aporte laboral de las mujeres al desarrollo de Costa Rica /  |c Rina María Contreras López 
650 |a MUJERES  
650 |a TRABAJO  
650 |a SEGURIDAD LABORAL  
650 |a FEMINISMO  
773 |g volumen 9, número 2; páginas 55-64  
999 |c 31164  |d 31164